| 000 | 00429nam a22001577a 4500 | ||
|---|---|---|---|
| 999 |
_c27080 _d27080 |
||
| 003 | BDDh-ASL | ||
| 005 | 20231015030724.0 | ||
| 008 | 211023n ii ||||| |||| 00| 0 u d | ||
| 040 |
_aBDDh-ASL _cBDDh-ASL |
||
| 082 |
_a297.3 _bRIS |
||
| 245 | 1 | 0 | _aRisala Radde Tabarra : / رسالہ رد تبرا |
| 260 |
_aDelhi : _bYusufi Press , |
||
| 300 |
_a24 p. : _c24 cm. |
||
| 650 | 0 |
_95142 _a Islamic Discourse |
|
| 942 |
_2ddc _cBK |
||